MARC

Tag First Indicator Second Indicator Subfields
LEADER 00000cam a2200000 i 4500
001 in00000943521
005 20150925133135.0
007 he bmu|||bubu
008 801010r19801979miua bb 00010 fre d
035 |a (OCoLC)06810388 
035 |9 AES4623AM 
037 |a CL00550  |b University Microfilms International 
037 |b University Microfilms International, 300 N. Zeeb Rd., Ann Arbor, MI 48106 
040 |a UMI  |c UMI  |d m.c.  |d UtOrBLW 
043 |a f-ng--- 
049 |a TXAI 
090 |a S494.5.E5  |b F414 1979 
099 |a fiche   |a  C   |a  5159 
100 1 |a Ferguson, N.  |q (Nancy),  |d 1944- 
245 1 0 |a Analyse des flux d'énergie dans le système agro-pastoral du département de Zinder, Niger /  |c N. Ferguson, W. G. Matlock. 
264 1 |a Tucson, Arizona :  |b Arid Lands Natural Resources Committee, Université d'Arizona,  |c 1979. 
300 |a 77 pages :  |b illustrations 
336 |a text  |b txt  |2 rdacontent 
337 |a microform  |b h  |2 rdamedia 
338 |a microfiche  |b he  |2 rdacarrier 
490 1 |a Rapport final du Projet de planification de ressources naturelles pour le département de Zinder, Niger ;  |v appendice 3 
500 |a Issued also in English under title: Energy analysis of agriculture and renewable resources in Zinder, Niger. 
504 |a Bibliography: pages 75-77. 
500 |a Microfiche. Ann Arbor, Mich. : University Microfilms International, 1980. -- 2 sheets ; 11 x 15 cm. -- (Sahel : documents and dissertations ; NG 007). 
500 |a Microform. 
650 0 |a Agriculture  |z Niger  |z Zinder (Department)  |x Energy consumption. 
650 0 |a Agricultural resources  |z Niger  |z Zinder (Department) 
650 0 |a Renewable natural resources  |z Niger  |z Zinder (Department) 
650 0 |a Bioenergetics. 
700 1 |a Matlock, W. Gerald. 
710 2 |a University of Arizona.  |b Arid Lands Natural Resources Committee. 
830 0 |a Rapport final du Projet de planification de ressources naturelles pour le departement de Zinder, Niger ;  |v appendice 3. 
830 0 |a Sahel, documents and dissertations ;  |v NG 007. 
999 |a MARS 
999 f f |s 1041e098-16fb-3408-a0b7-b2d29bd4e488  |i d15e69a1-2cad-3041-8b15-197821fd26f0  |t 0 
952 f f |p normal  |a Texas A&M University  |b College Station  |c Sterling C. Evans Library  |d Evans: Microforms (3rd floor)  |t 0  |e fiche C 5159 NG 007  |h Other scheme  |i microform -- microfiche  |m A14821917332 
998 f f |a fiche C 5159 NG 007  |t 0  |l Evans: Microforms (3rd floor)